| 000 | 00874nam a2200265Ia 4500 | ||
|---|---|---|---|
| 003 | OSt | ||
| 005 | 20220925181442.0 | ||
| 006 | a|||||r|||| 00| 0 | ||
| 007 | ta | ||
| 008 | 220923b |||||||| |||| 00| 0 eng d | ||
| 020 |
_a9781847203564 _c6748.2799999999997 |
||
| 037 |
_bBBS/39, 04/08/2008, Better Book Service _cGeneral Book |
||
| 040 |
_aRTL _cRTL _beng |
||
| 041 |
_2eng _aeng |
||
| 082 | _aXM8, P7 | ||
| 100 |
_aDunning John H _9231816 |
||
| 245 | 0 | _aMultinational enterprises and emerging challenges of the 21st century | |
| 260 |
_aCheltenham _bEdward Elgar _c2007 |
||
| 300 |
_ax, 469p _ccm. |
||
| 500 | _aBibliography: Chapterwise | ||
| 650 | _aCommerce | ||
| 700 |
_a Lin Tsai-mei Ed. _9253824 |
||
| 942 |
_hXM8, P7 _cGB _2CC |
||
| 999 |
_c499306 _d499306 |
||